Milieux de l'équipe de France de football - Statistiques

Statistiques générales
  • Ce quiz a été pris 263 fois
  • Le résultat moyen est 6 sur 10
Statistiques - réponses
Nombre de sélections Joueurs % Correct
91 Paul Pogba
94%
108 Zinedine Zidane
82%
84 Blaise Matuidi
70%
103 Didier Deschamps
68%
107 Patrice Vieira
63%
71 Claude Makelele
54%
72 Michel Platini
50%
79 Robert Pires
31%
82 Youri Djorkaeff
30%
71 Moussa Sissoko
19%
Aucun quiz correspondant
Distribution des résultats
% des personnes avec chaque résultat
Percentile par nombre de réponses
Votre historique - résultats
Vous n’avez pas pris ce quiz